| 000 | 00695nam a2200217 a 4500 | ||
|---|---|---|---|
| 005 | 20171128112709.0 | ||
| 008 | 140307b1976 ck ||||| |||| 00| 0 spa d | ||
| 041 | _aspa | ||
| 044 | _ack | ||
| 090 |
_aLB _b02670 |
||
| 110 |
_97309 _aInstituto Colombiano de Normas Técnicas y Certificación _bInstituto Colombiano de Normas Técnicas y Certificación |
||
| 245 | _aCódigos para la representación de nombres de países | ||
| 260 |
_aBogotá _bICONTEC _c1976 |
||
| 300 | _a9 p. | ||
| 650 |
_aDocumentación _9943 |
||
| 650 |
_aTerminología _917351 |
||
| 650 |
_aProcesamiento de la información _917711 |
||
| 650 |
_aCódigo para países _917721 |
||
| 662 | _aColombia | ||
| 942 |
_cImpreso _2z |
||
| 999 |
_c2882 _d2882 |
||